000 00461pab a2200181 454500
008 180718b2007 xxu||||| |||| 00| 0 eng d
100 _aMorris, Sebastian
245 _aTowards reform of land acquisition framework in India
260 _c2007
300 _ap.2083-090.
362 _a2 Jun
650 _aLand tenure - India
650 _aLand tenure
700 _aPandey, Ajay
773 _aEconomic and Political Weekly
908 _aN
909 _a74274
999 _c74274
_d74274